000 00819nam a2200265Ia 4500
003 OSt
005 20220923211133.0
006 a|||||r|||| 00| 0
007 ta
008 220922b |||||||| |||| 00| 0 hin d
020 _a8185469776 (hb)
024 _a230,840
037 _cTextual
040 _aARTS
_cARTS
_bhin
041 _2hin
_ahin
082 _aO152,6N48x, N8
100 _aडबराल, मंगलेश
_9156318
245 0 _aलेखक की रोटी
246 _aLekhak kī roṭī
260 _aपंचकूला
_b आधार प्रकाशन
_c1998
300 _a152पृ.
_ccm.
650 _aहिन्दी साहित्य
_9156264
942 _hO152,6N48x, N8
_cTEXL
_2CC
999 _c295797
_d295797